000 00405pab a2200169 454500
008 180718b2005 xxu||||| |||| 00| 0 eng d
100 _aNoorani, A.G.
245 _aAccess to prisons and custodial torture
260 _c2005
300 _ap.4497-498.
362 _a15 Oct
650 _aPrisoners
650 _aCrime
650 _aTorture
773 _aEconomic and Political Weekly
909 _a67655
999 _c67655
_d67655